000 00589nam a2200241Ia 4500
003 OSt
005 20221005132134.0
006 a|||||r|||| 00| 0
007 ta
008 221004b |||||||| |||| 00| 0 tam d
024 _a47456
037 _cTextual
040 _aCRL
_cCRL
_btam
041 _2tam
_atam
082 _aO31x, J2
100 _aPillai Kandhiyah
_9640650
245 0 _aThamizh ilakkiya agarddhi
260 _c1952
300 _a184
_ccm.
650 _aTAMIL FICTION
942 _hO31x, J2
_cTEXL
_2cc
999 _c1062550
_d1062550